Sports Quiz

Random Sports or NHL Quiz

NHL Top Scorers (2012-2013) Quiz Stats

 Plays Quiz Updated Feb 18, 2020

Support Sporcle.
Go Orange.
Score 0/30 Timer 06:00
2 Plays Today
Points Scorer % Correct
56Sidney Crosby
95.6%
56Alexander Ovechkin
88.6%
57Steven Stamkos
76.3%
55Patrick Kane
74.9%
60Martin St. Louis
69.4%
48Jonathan Toews
69.3%
45Henrik Sedin
62.4%
42Rick Nash
57.2%
49Pavel Datsyuk
53.2%
47John Tavares
53.1%
49Ryan Getzlaf
52.3%
52Phil Kessel
51.8%
48Henrik Zetterberg
50.7%
48Claude Giroux
50.7%
53Eric Staal
48%
Points Scorer % Correct
42Anze Kopitar
47.2%
48Nicklas Backstrom
44.9%
50Taylor Hall
40.6%
52Chris Kunitz
36.6%
41Thomas Vanek
29.5%
44Alexander Semin
27.5%
43Matt Duchene
26.6%
46Jakub Voracek
23.3%
44Nazem Kadri
21.1%
46Andrew Ladd
20.2%
44Matt Moulson
20.2%
49Mike Ribeiro
17.1%
41Blake Wheeler
16.3%
44Derek Stepan
16.1%
43PA Parenteau
10.1%

You're not logged in!

Compare scores with friends on all Sporcle quizzes.
OR
Log In

From the Vault

One-Minute Crossword XII

by Qaqaq

For those that like to complete their morning crossword in a hurry.
Remove Ads.
Support Sporcle.
Get the best of Sporcle when you Go Orange. This ad-free experience offers more features, more stats, and more fun while also helping to support Sporcle. Thank you for becoming a member.

Show Comments

Extras

Top Quizzes Today


Score Distribution

Your Account Isn't Verified!

In order to create a playlist on Sporcle, you need to verify the email address you used during registration. Go to your Sporcle Settings to finish the process.

Report this User

Report this user for behavior that violates our Community Guidelines.

Details: